000 00541nam a2200193Ia 4500
003 GCL
008 140319s9999 xx 000 0 eng d
040 _aGCL /
_cGCL
082 0 4 _a200
_bL R
100 1 _aLAWSON, THOMAS
245 1 0 _aRETHINKING RELIGION: CONNECTING COGNITION AND CULTURE /
_cLAWSON, THOMAS
700 1 _aMCCAULEY, ROBERT N
260 _a[S.N] :
_bCAMBRIDGE UNIVERSITY PRESS ،
_c1996
300 _a194 P
650 0 4 _aCOGNITION AND CULTURE
650 0 4 _aRELIGION - METHODOLOGY
650 0 4 _aRITUAL
942 _2ddc
_cBK
999 _c13763
_d13763